00535nam a22001697a 4500020001800000082001400018100002200032245003800054250001200092260002700104300001700131650003000148700002100178942000700199999001700206952014200223 a9788126527311 a519.6 CHO aEdwin K. P. Chong aAn introduction to optimization,  a2nd ed. aNew DelhibWileyc2013 a476p.bill.: aMathematical optimization aStanislaw H. Zak cBK c13488d13488 001040708NFICaCLbCLcGENd2016-03-22eAllied Book Companyg656.74l2o519.6 CHOpSEECS013392r2025-10-12s2023-11-07w2016-03-25yBK